000 00683nam a2200289Ia 4500
005 20260324130333.0
008 008 260324s9999 xx 000 0 eng d
020 _a9781315093864
037 _aEBOOK
040 _aCRL
040 _beng
040 _cCRL
041 _2eng
041 _aeng
084 _qCRL
100 _aNathalie Aubert
_91181386
245 0 _aFrom Art Nouveau to Surrealism
245 0 _bEuropean Modernity in the Making
260 _bTaylor and Francis
260 _c2007
365 _a
365 _b145
856 _uhttp://www.taylorfrancis.com/books/9781315093864
942 _cEBOOK
999 _c1777479
_d1777479